La escritura de una crónica o la crónica de una escritura : el Nuevo Mundo y Las Amazonas /

Guardado en:
Bibliografiske detaljer
Hovedforfatter: Sancho, Leonardo
Format: Ukendt
Sprog:Spanish
Fag:
Tags: Tilføj Tag
Ingen Tags, Vær først til at tagge denne postø!

MARC

LEADER 000000000a22000000004500
001 007836
041 0 |a spa 
100 1 |a Sancho, Leonardo 
245 1 3 |a La escritura de una crónica o la crónica de una escritura :   |b el Nuevo Mundo y Las Amazonas /   |c Leonardo Sancho. 
310 |a Semestral 
650 4 |a AMERICA 
650 4 |a CONQUISTA Y COLONIZACION 
650 4 |a LITERATURA LATINOAMERICANA 
650 4 |a ENSAYOS 
650 4 |a AMERICA 
650 4 |a HISTORIA 
773 0 |d San José, Costa Rica : Editorial de la Universidad de Costa Rica  |t Herencia  |g volumen 4, número 1/2 (1992), páginas 45-62 
942 |c ARC 
999 |c 14710  |d 14710